01209nab a22002657a 4500999001500000003000400015005001700019008004100036040000700077100003700084245012600121260007300247300001500320500007200335505016000407505008900567650003500656650002100691650002300712650001900735650002000754650001700774773013900791942001300930 c5683d5683OSt20251226234820.0190603e xxum|||| |||| 00| 0 spa d cPJ 96147aCalderón, Maximiliano R.10aDiez años de vigencia del Código Civil y Comercial : bbalances en materia contractual /cMaximiliano R. Calderón. cCiudad Autónoma de Buenos Aires :aThomson Reuters La Ley, b2025. ap. 151-162 aCita: TR LALEY AR/DOC/1768/2025 Publicado en: RCCyC 2025 (agosto). aSumario: I. Propuesta metodológica.— II. Análisis particular.— III. Un fracaso regulatorio: el contrato de locación.— IV. Reflexiones finales.  t¿Te interesa el texto completo? Solicitalo al correo: koha@justierradelfuego.gov.ar 091497aCODIGO CIVIL Y COMERCIAL 093463aCONTRATOS  093438aCOMPRAVENTA  092037aLOCACION 094094aCONTRATO  091929aFIANZA0 0271393170dCiudad Autónoma de Buenos Aires : Thomson Reuters La Ley, 2015-tRevista Código Civil y Comercial. Nº 4 - Agosto 2025 2udccANA